000 00363pab a2200145 454500
008 180718b2005 xxu||||| |||| 00| 0 eng d
100 _aVanaik, Achin
245 _aSignificance of framework agreement on defence
260 _c2005
300 _ap.3581-586.
362 _a6 Aug
650 _aDefence
773 _aEconomic and Political Weekly
909 _a66487
999 _c66487
_d66487